Länder mit dem höchsten sozialen Fortschritt - Statistiken

Allgemein
  • Dieses Quiz wurde 36 mal gespielt
  • Das Durchschnittsergebnis liegt bei 18 aus 20
Antwortstatistiken
Index Land % Korrekt
86,1 Frankreich
100%
90,3 Schweiz
100%
87,2 Belgien
97%
90,5 Dänemark
97%
88,7 Deutschland
97%
90,5 Finnland
97%
88,2 Japan
97%
89,0 Niederlande
97%
88,0 Österreich
97%
89,4 Schweden
97%
89,5 Island
94%
88,2 Kanada
94%
90,7 Norwegen
94%
87,8 Australien
91%
86,5 Südkorea
88%
87,5 Luxemburg
84%
87,3 Neuseeland
84%
86,1 Vereinigtes Königreich
84%
87,7 Irland
78%
86,2 Estland
75%
Keine übereinstimmenden Quizze gefunden
Verteilung der Resultate
Anzahl Personen mit jedem Resultat
Perzentil nach korrekt beantworteten Fragen
Ihre Resultats-Entwicklung
Sie haben dieses Quiz noch nicht gespielt